Les joueurs ayant joués au Barça sous Guardiola - Statistiques

Statistiques générales
  • Ce quiz a été pris 329 fois
  • Le résultat moyen est 18 sur 57
Statistiques - réponses
joueur minutes jouées % Correct
Lionel Messi 18 092
98%
Andrès Iniesta 13 464
93%
Xavi Hernandez 16 538
91%
Carles Puyol 13 527
90%
Victor Valdes 18 060
90%
Gerard Piqué 15 049
89%
Sergio Busquets 14 310
86%
Dani Alves 17 613
82%
Pedro 10 236
78%
David Villa 5 649
76%
Samuel Eto'o 4 032
76%
Eric Abidal 11 433
70%
Thierry Henry 4 994
70%
Zlatan Ibrahimovic 3 334
55%
Javier Mascherano 7 561
52%
Yaya Touré 5 923
50%
José Manuel Pinto 3 990
44%
Bojan Krkic 4 942
41%
Cesc Fabregas 3 327
40%
Thiago Alcantara 4 060
37%
Alexis Sanchez 2 640
34%
Victor Sanchez 589
31%
Maxwell 6 494
27%
Seydou Keita 10 849
27%
Rafael Marquez 4 339
23%
Sergi Roberto 434
22%
Adriano 4 613
19%
Rafinha 85
19%
Marc Bartra 559
18%
Cristian Tello 676
17%
Ibrahim Afellay 1 128
12%
Isaac Cuenca 1 868
12%
Martin Montoya 657
10%
Gabriel Milito 2 028
9%
Jonathan Dos Santos 746
9%
Sylvinho 1 962
8%
Jeffren 1 042
7%
Oriol Romeu 99
7%
Aleksandr Hleb 1 687
6%
Gerard Deulofeu 47
6%
Xavi Torres 180
6%
Andreu Fontàs 1 046
5%
Eidur Gudjohnsen 1 554
5%
Albert Jorquera 90
4%
Dmytro Chygrynskyi 1 031
4%
Marc Muniesa 97
4%
Martin Caceres 1 529
4%
Oier Olazabal 90
4%
Nolito 251
3%
Sergi Gomez 90
3%
Jonathan Soriano 6
2%
Ruben Mino 90
2%
Victor Vazquez 169
2%
Abraham Gonzalez 19
1%
Alberto Botia 27
1%
Gaï Assulin 56
1%
Marti Riverola 11
0%
Aucun quiz correspondant
Distribution des résultats
% des personnes avec chaque résultat
Percentile par nombre de réponses
Votre historique - résultats
Vous n’avez pas pris ce quiz